000 00547cam a2200169 a 4500
001 000005963
005 20200929151848.0
008 810206s1980 ng b 001 0 spa
040 _aDO-SdBNP
_bspa
_cBNPHU
082 _a972.8503
_bP438h
100 1 _aPérez Estrada, Francisco.
_916802
245 1 0 _aHistoria precolonial de Nicaragua /
_cFrancisco Pérez Estrada.
260 _aManagua :
_bNueva Nicaragua,
_c1980.
300 _a41 p. ; :
_bil. ;
_c18 cm.
650 4 _aNicaragua
_xHistoria
_yHASTA 1838
_916803
910 _aCatalogación por copia / LC
999 _c5759
_d5759